000
00302nam a2200121Ia 4500
005
20251222141927.0
008
251222s9999||||xx |||||||||||||| ||spa||
020
_a
9972-247-01-5
082
_a
372.357/M61C
245
0
_a
Cuidando el Ambiente En El Que Vivo
264
_b
Ministerio de Salud
942
_c
LIB
999
_c
8919
_d
8919